5 Countries With Most Refugees By Continent - Statistics

General Stats
  • This quiz has been taken 253 times
  • The average score is 20 of 30
Answer Stats
ff Answer % Correct
Europe Germany
93%
North America Mexico
91%
Europe France
90%
North America Canada
87%
Oceania Australia
86%
South America Brazil
86%
Asia Turkey
86%
Oceania New Zealand
83%
South America Argentina
82%
South America Chile
82%
Europe Russia
79%
Asia Iran
73%
Oceania Fiji
72%
South America Venezuela
72%
Europe Sweden
70%
North America Panama
67%
South America Ecuador
66%
North America Costa Rica
61%
Africa Sudan
58%
Africa Ethiopia
57%
Asia Jordan
56%
Oceania Papua New Guinea
55%
Africa Kenya
54%
Asia Lebanon
54%
Asia Pakistan
50%
Oceania Nauru
42%
North America United States
41%
Africa Uganda
40%
Africa Chad
30%
Europe United Kingdom
26%
No matching quizzes found
Score Distribution
Percent of People with Each Score
Percentile by Number Answered
Your Score History
You have not taken this quiz